Economic Forces at Work Selected Works by Armen A. Alchian

Enregistré dans:
Détails bibliographiques
Auteur principal: Alchian, Armen A.
Format: Livre
Langue:anglais
Publié: Indianapolis Liberty Press 1977
Édition:1. ed.
Sujets:
Tags: Ajouter un tag
Pas de tags, Soyez le premier à ajouter un tag!

MARC

LEADER 00000nam a2200000 4500
001 c004681
005 20221220103153.8
020 |a 0-913966-30-4 
041 0 |a eng 
044 |a US 
245 1 0 |a Economic Forces at Work  |b Selected Works by Armen A. Alchian  |c Armen A. Alchian 
250 |a 1. ed. 
264 1 |a Indianapolis  |b Liberty Press  |c 1977 
300 |a 523 s. 
610 2 0 |a teórie ekonomické 
610 2 0 |a informácie ekonomické 
610 2 0 |a správanie hospodárske 
610 2 0 |a práva majetkové 
610 2 0 |a náklady 
610 2 0 |a inflácia 
610 2 0 |a mzdy 
100 1 |a Alchian, Armen A.